The great evolutionary debate / (Record no. 6439)

MARC details
000 -LEADER
fixed length control field 00521nam a22001937a 4500
003 - CONTROL NUMBER IDENTIFIER
control field OSt
005 - DATE AND TIME OF LATEST TRANSACTION
control field 20200121123628.0
008 - FIXED-LENGTH DATA ELEMENTS--GENERAL INFORMATION
fixed length control field 200121b ||||| |||| 00| 0 eng d
020 ## - INTERNATIONAL STANDARD BOOK NUMBER
International Standard Book Number : 1857995082
040 ## - CATALOGING SOURCE
Transcribing agency 040a
082 ## - DEWEY DECIMAL CLASSIFICATION NUMBER
Classification number 576.8
Item number ELD 1995
100 ## - MAIN ENTRY--PERSONAL NAME
Relator code Eldredge, Niles
245 ## - TITLE STATEMENT
Title The great evolutionary debate /
Statement of responsibility, etc. Niles Eldredge
260 ## - PUBLICATION, DISTRIBUTION, ETC. (IMPRINT)
Place of publication, distribution, etc. London
Name of publisher, distributor, etc. Orion Books ltd
Date of publication, distribution, etc. 1995
300 ## - PHYSICAL DESCRIPTION
Extent vii, 244p;
Dimensions 10 cm.
505 ## - FORMATTED CONTENTS NOTE
Formatted contents note Includes bibliography references and index
650 ## - SUBJECT ADDED ENTRY--TOPICAL TERM
Source of heading or term Debate
942 ## - ADDED ENTRY ELEMENTS (KOHA)
Source of classification or shelving scheme Dewey Decimal Classification
Koha item type Open Shelf
Holdings
Withdrawn status Lost status Source of classification or shelving scheme Damaged status Not for loan Home library Current library Date acquired Source of acquisition Inventory number Total Checkouts Full call number Barcode Date last seen Price effective from Koha item type
    Dewey Decimal Classification     MUST Main Library MUST Main Library 21/01/2020 Donation 2002/17639   576.8 ELD 1995 2020-0057 21/01/2020 21/01/2020 Open Shelf
    Dewey Decimal Classification     MUST Main Library MUST Main Library 27/08/2021 Donation 02/17638   576.8 ELD 1995 2021-0720 27/08/2021 27/08/2021 Open Shelf
    Other/Generic Classification Scheme     MUST Main Library MUST Main Library 25/06/2024 Purchase 02/17685   576.8 ELD 1995 2024-21304 25/06/2024 25/06/2024 Open Shelf